Southville International School and Colleges
Your cart is empty.
  • Cart
  • Lists
    Public lists Eva Luna New books Lux_list list_1
    Your lists Log in to create your own lists
  • Log in to your account
  • Your cookies
  • Search history
Southville International School and Colleges
  • Advanced search
  • Recent comments
  • Most popular
  • Libraries

Log in to your account

Log in with GOOGLE


If you do not have an external account, but do have a local account, you can still log in:

  1. Home
  2. MARC view: The Book of Mormon :
Normal view MARC view ISBD view

The Book of Mormon : (Record no. 8549)

[ view plain ]
MARC details
000 -LEADER
fixed length control field 00989cam a2200301ua 4500
001 - CONTROL NUMBER
control field 4448884
003 - CONTROL NUMBER IDENTIFIER
control field SISC
005 - DATE AND TIME OF LATEST TRANSACTION
control field 20160204081552.0
008 - FIXED-LENGTH DATA ELEMENTS--GENERAL INFORMATION
fixed length control field 850618t19821981utufa 001 0 eng
010 ## - LIBRARY OF CONGRESS CONTROL NUMBER
LC control number 84167395
035 ## - SYSTEM CONTROL NUMBER
System control number (OCoLC)11317576
035 ## - SYSTEM CONTROL NUMBER
System control number (OCoLC)ocm11317576
035 ## - SYSTEM CONTROL NUMBER
System control number (NNC)4448884
040 ## - CATALOGING SOURCE
Modifying agency CStRLIN
050 0# - LIBRARY OF CONGRESS CALL NUMBER
Classification number BX 8623
Item number .B724 1981
090 ## - LOCALLY ASSIGNED LC-TYPE CALL NUMBER (OCLC); LOCAL CALL NUMBER (OCLC)
Classification number (OCLC) (R) ; Classification number, CALL (RLIN) (NR) BX8623
Local cutter number (OCLC) ; Book number/undivided call number, CALL (RLIN) 1981
130 0# - MAIN ENTRY--UNIFORM TITLE
Uniform title Book of Mormon.
9 (RLIN) 10182
245 14 - TITLE STATEMENT
Title The Book of Mormon :
Remainder of title an account /
Statement of responsibility, etc written by the hand of Mormon upon plates taken from the plates of Nephi ; translated by Joseph Smith, Jun.
260 ## - PUBLICATION, DISTRIBUTION, ETC. (IMPRINT)
Place of publication, distribution, etc Salt Lake City, Utah, U.S.A. :
Name of publisher, distributor, etc Church of Jesus Christ of Latter-day Saints,
Date of publication, distribution, etc 1982, c1981.
300 ## - PHYSICAL DESCRIPTION
Extent 779 p., [9] p. of plates :
Other physical details col. ill. ;
Dimensions 18 cm.
500 ## - GENERAL NOTE
General note Includes index.
700 1# - ADDED ENTRY--PERSONAL NAME
Personal name Smith, Joseph,
Dates associated with a name 1805-1844.
9 (RLIN) 10183
710 2# - ADDED ENTRY--CORPORATE NAME
Corporate name or jurisdiction name as entry element Church of Jesus Christ of Latter-day Saints.
9 (RLIN) 10184
942 ## - ADDED ENTRY ELEMENTS (KOHA)
Koha item type Books
Source of classification or shelving scheme Library of Congress Classification
Holdings
Withdrawn status Lost status Source of classification or shelving scheme Damaged status Home library Current library Shelving location Date acquired Total Checkouts Full call number Barcode Date last seen Copy number Price effective from Koha item type
    Library of Congress Classification   Luxembourg Library Luxembourg Library High School Section 08/14/2013   BX 8623 .B724 1981 7114 08/14/2013 1 08/14/2013 Books
    Library of Congress Classification   Luxembourg Library Luxembourg Library High School Section 08/14/2013   BX 8623 .B724 1981 9886 08/14/2013 2 08/14/2013 Books

The Book of Mormon :

APA

Smith J., Church of Jesus Christ of Latter-day Saints, . (19821981). The Book of Mormon. Salt Lake City, Utah, U.S.A: Church of Jesus Christ of Latter-day Saints.

Chicago

Smith Joseph, Church of Jesus Christ of Latter-day Saints, . 19821981. The Book of Mormon. Salt Lake City, Utah, U.S.A: Church of Jesus Christ of Latter-day Saints.

Harvard

Smith J., Church of Jesus Christ of Latter-day Saints, . (19821981). The Book of Mormon. Salt Lake City, Utah, U.S.A: Church of Jesus Christ of Latter-day Saints.

MLA

Smith Joseph, Church of Jesus Christ of Latter-day Saints, . The Book of Mormon. Salt Lake City, Utah, U.S.A: Church of Jesus Christ of Latter-day Saints. 19821981.

  • Place hold
  • Print
  • Cite
  • Add to your cart (remove)
  • Save record
    BIBTEX Dublin Core MARCXML MARC (non-Unicode/MARC-8) MARC (Unicode/UTF-8) MARC (Unicode/UTF-8, Standard) MODS (XML) RIS
  • More searches
    Search for this title in:
    Other Libraries (WorldCat) Other Databases (Google Scholar) Online Stores (Bookfinder.com) Open Library (openlibrary.org)

Exporting to Dublin Core...

SOUTHVILLE LIBRARY

Southville International School and Colleges Library

1281 Tropical Ave. Cor. Luxembourg St., BF Homes International, Las Pinas City

Tel. No. 8256374 / 252358 Loc. 117/146

Powered by Koha